000 00384nam a2200145Ia 4500
008 240624s9999 xx 000 0 und d
041 _aeng
082 _a657 SMI
100 _aLANGFIELD SMITH KIM
245 _aMANAGEMENT ACCOUNTING INFORMATION FOR CR
250 _a(6th ed.)
260 _c2012
_aNew Delhi
_bTata McGraw- Hill
300 _axxvi, 1082 p.; 25 cm.
365 _cRS
_b38
999 _c29102
_d29102